<?xml version="1.0" encoding="UTF-8"?>
<record
    xmlns:xsi="http://www.w3.org/2001/XMLSchema-instance"
    xsi:schemaLocation="http://www.loc.gov/MARC21/slim http://www.loc.gov/standards/marcxml/schema/MARC21slim.xsd"
    xmlns="http://www.loc.gov/MARC21/slim">

  <leader>01572cam a2200421Li 4500</leader>
  <controlfield tag="001">86595</controlfield>
  <controlfield tag="005">20230410115533.0</controlfield>
  <controlfield tag="008">020110s2001    fr            000 0 fre d</controlfield>
  <datafield tag="035" ind1=" " ind2=" ">
    <subfield code="a">(OCoLC)ocn469430902</subfield>
  </datafield>
  <datafield tag="040" ind1=" " ind2=" ">
    <subfield code="a">BDF</subfield>
    <subfield code="b">fre</subfield>
    <subfield code="c">BDF</subfield>
  </datafield>
  <datafield tag="015" ind1=" " ind2=" ">
    <subfield code="a">00202211</subfield>
    <subfield code="2">bnf</subfield>
  </datafield>
  <datafield tag="016" ind1="7" ind2=" ">
    <subfield code="a">FRBNF37711708000000X</subfield>
    <subfield code="2">FrPBN</subfield>
  </datafield>
  <datafield tag="020" ind1=" " ind2=" ">
    <subfield code="a">272460864X (br)</subfield>
  </datafield>
  <datafield tag="020" ind1=" " ind2=" ">
    <subfield code="a">9782724608649 (br)</subfield>
  </datafield>
  <datafield tag="035" ind1=" " ind2=" ">
    <subfield code="a">(OCoLC)469430902</subfield>
  </datafield>
  <datafield tag="082" ind1="1" ind2=" ">
    <subfield code="a">306.3</subfield>
    <subfield code="2">22</subfield>
  </datafield>
  <datafield tag="050" ind1="1" ind2="4">
    <subfield code="a">HD78</subfield>
    <subfield code="b">R597 2001</subfield>
  </datafield>
  <datafield tag="100" ind1="1" ind2=" ">
    <subfield code="a">Rist, Gilbert,</subfield>
    <subfield code="d">1938-</subfield>
  </datafield>
  <datafield tag="245" ind1="1" ind2="3">
    <subfield code="a">Le d&#xE9;veloppement :</subfield>
    <subfield code="b">histoire d'une croyance occidentale /</subfield>
    <subfield code="c">Gilbert Rist.</subfield>
  </datafield>
  <datafield tag="250" ind1=" " ind2=" ">
    <subfield code="a">2e &#xE9;d. mise &#xE1; jour et augm.</subfield>
  </datafield>
  <datafield tag="260" ind1=" " ind2=" ">
    <subfield code="a">Paris :</subfield>
    <subfield code="b">Presses de la Fondation nationale des sciences politiques,</subfield>
    <subfield code="c">2001</subfield>
    <subfield code="e">(53-Mayenne :</subfield>
    <subfield code="f">Impr. Floch)</subfield>
  </datafield>
  <datafield tag="300" ind1=" " ind2=" ">
    <subfield code="a">442 p. ;</subfield>
    <subfield code="c">19 cm.</subfield>
  </datafield>
  <datafield tag="490" ind1="0" ind2=" ">
    <subfield code="a">R&#xE9;f&#xE9;rences in&#xE9;dites</subfield>
  </datafield>
  <datafield tag="500" ind1=" " ind2=" ">
    <subfield code="a">Bibliogr. p. 423-436. Index.</subfield>
  </datafield>
  <datafield tag="650" ind1=" " ind2="7">
    <subfield code="a">D&#xE9;veloppement &#xE9;conomique</subfield>
    <subfield code="x">Aspect social.</subfield>
    <subfield code="2">ram</subfield>
  </datafield>
  <datafield tag="650" ind1=" " ind2="7">
    <subfield code="a">D&#xE9;veloppement &#xE9;conomique</subfield>
    <subfield code="x">Anthropologie.</subfield>
    <subfield code="2">ram</subfield>
  </datafield>
  <datafield tag="650" ind1=" " ind2="7">
    <subfield code="a">Progr&#xE1;es.</subfield>
    <subfield code="2">ram</subfield>
  </datafield>
  <datafield tag="650" ind1=" " ind2="7">
    <subfield code="a">Civilisation occidentale.</subfield>
    <subfield code="2">ram</subfield>
  </datafield>
  <datafield tag="760" ind1="0" ind2=" ">
    <subfield code="t">R&#xE9;f&#xE9;rences in&#xE9;dites (Paris).,</subfield>
    <subfield code="d">2001</subfield>
    <subfield code="x">1275-0050</subfield>
    <subfield code="w">(FrPBN)34290873</subfield>
  </datafield>
  <datafield tag="760" ind1="0" ind2=" ">
    <subfield code="t">R&#xE9;f&#xE9;rences (Paris. 1981),</subfield>
    <subfield code="d">2001</subfield>
    <subfield code="x">0293-5686</subfield>
    <subfield code="w">(FrPBN)34229400</subfield>
  </datafield>
  <datafield tag="856" ind1="4" ind2="2">
    <subfield code="3">Notice et cote du catalogue de la Biblioth&#xE1;eque nationale de France</subfield>
    <subfield code="u">http://catalogue.bnf.fr/ark:/12148/cb37711708p</subfield>
  </datafield>
  <datafield tag="886" ind1="1" ind2=" ">
    <subfield code="2">intermrc</subfield>
    <subfield code="a">009</subfield>
    <subfield code="b">ax-d---------------</subfield>
  </datafield>
  <datafield tag="886" ind1="2" ind2=" ">
    <subfield code="2">intermrc</subfield>
    <subfield code="a">680</subfield>
    <subfield code="b">0-</subfield>
    <subfield code="a">30</subfield>
  </datafield>
  <datafield tag="886" ind1="2" ind2=" ">
    <subfield code="2">intermrc</subfield>
    <subfield code="a">917</subfield>
    <subfield code="b">--</subfield>
    <subfield code="o">OPL</subfield>
    <subfield code="a">027048959</subfield>
  </datafield>
  <datafield tag="942" ind1=" " ind2=" ">
    <subfield code="2">lcc</subfield>
    <subfield code="c">bk</subfield>
  </datafield>
  <datafield tag="994" ind1=" " ind2=" ">
    <subfield code="a">C0</subfield>
    <subfield code="b">DRFGD</subfield>
  </datafield>
  <datafield tag="946" ind1=" " ind2=" ">
    <subfield code="a">cc</subfield>
  </datafield>
  <datafield tag="999" ind1=" " ind2=" ">
    <subfield code="c">43170</subfield>
    <subfield code="d">43170</subfield>
  </datafield>
  <datafield tag="952" ind1=" " ind2=" ">
    <subfield code="0">0</subfield>
    <subfield code="1">0</subfield>
    <subfield code="2">lcc</subfield>
    <subfield code="4">0</subfield>
    <subfield code="7">0</subfield>
    <subfield code="8">CS</subfield>
    <subfield code="a">BJB</subfield>
    <subfield code="b">BJB</subfield>
    <subfield code="c">CS</subfield>
    <subfield code="d">2023-04-10</subfield>
    <subfield code="h">3</subfield>
    <subfield code="l">0</subfield>
    <subfield code="o">HD78 R597 2001</subfield>
    <subfield code="p">00000060505</subfield>
    <subfield code="r">2018-10-24 00:00:00</subfield>
    <subfield code="w">2018-10-24</subfield>
    <subfield code="y">bk</subfield>
  </datafield>
</record>
